000 00971nam a22002657a 4500
003 OSt
005 20201014114913.0
008 201014s1762 sp ||||gr|||| 00| 0dspa d
020 _a847530642X
040 _aCO-JMCR
_cCO-JMCR
041 1 _aspa
_heng
082 0 4 _a320.1 /
_bR864d
_223
100 1 _aJean-Jacques Rousseau,
_eautor
_911513
245 1 0 _aDiscurso sobre el origen de la desigualdad entre los hombres :
_bEl contrato social /
_cJean-Jacques Rousseau ; traducción de Consuelo Berges
260 _aBarcelona :
_bAguilar,
_c1762.
300 _a266 páginas ;
_c20 cm.
500 _aDatos biográficos del autor en páginas 5-6.
505 0 _aDiscurso sobre el origen de la desigualdad entre los hombres. -- El contrato social.
650 2 4 _aCiencias Políticas
_911514
650 2 4 _aContrato social
_93071
650 2 4 _aLa Ley natural
_911515
650 2 4 _aControl social
_92763
700 1 _aBerges, Consuelo,
_etraductora
_911516
942 _2ddc
_cBK
999 _c6910
_d6910